Ciencias Naturales: programa de estudio primer año básico

Saved in:
Bibliografiske detaljer
Institution som forfatter: Ministerio de Educación (Author)
Format: Bog
Sprog:spansk
Udgivet: Santiago Ministerio de Educación 2013
Udgivelse:1a. ed
Fag:
Tags: Tilføj Tag
Ingen Tags, Vær først til at tagge denne postø!

MARC

LEADER 00000cam a2200000 a 4500
001 UCE1850
003 CL-VaPUC
008 140519e20130000cl |||||||||||||||||spa|d
020 |a 9789562923903 
082 0 4 |a 372.35  |b MIN  |2 21 
110 2 |a Ministerio de Educación  |e author  |9 574254 
245 1 0 |a Ciencias Naturales: programa de estudio primer año básico 
250 |a 1a. ed 
300 |a 177 p 
942 |c BK 
945 |d 20140519 10:12:00  |a dcastane 
260 |a Santiago  |b Ministerio de Educación  |c 2013 
650 0 |a Ciencias naturales  |9 260542 
650 7 |a ENSEÑANZA DE LAS CIENCIAS NATURALES  |2 CL-VaPUC  |9 574255 
650 0 |a Educación básica   |9 224933 
650 0 |a Reforma educacional   |9 256319 
583 |a last modification  |c 20140519 10:12:00  |k Rodrigo Vera 
999 |c 355534  |d 355532 
952 |0 0  |1 0  |3 erb  |4 0  |6 372_350000000000000_MIN_2013  |7 0  |8 R  |9 462293  |a BIBEDU  |b BIBEDU  |i 5077486  |o 372.35 MIN 2013  |p 5077486  |r 2019-11-23  |w 2019-11-23  |y BK_R  |z Catalogado en:20140519  |k EPE